Introduction to statistical quality control / (Record no. 28251)

MARC details
000 -LEADER
fixed length control field 01886cam a2200409 a 4500
001 - CONTROL NUMBER
control field 13711919
003 - CONTROL NUMBER IDENTIFIER
control field EG-ScBUE
005 - DATE AND TIME OF LATEST TRANSACTION
control field 20200307124154.0
008 - FIXED-LENGTH DATA ELEMENTS--GENERAL INFORMATION
fixed length control field 040907t2005 njua f b 001 0 eng d
020 ## - INTERNATIONAL STANDARD BOOK NUMBER
International Standard Book Number 0471656313 (acid-free paper)
020 ## - INTERNATIONAL STANDARD BOOK NUMBER
International Standard Book Number 9780471656319
040 ## - CATALOGING SOURCE
Original cataloging agency DLC
Language of cataloging eng
Description conventions rda
Transcribing agency DLC
Modifying agency DLC
-- EG-ScBUE
082 04 - DEWEY DECIMAL CLASSIFICATION NUMBER
Classification number 658.562
Item number MON
Edition number 22
100 1# - MAIN ENTRY--PERSONAL NAME
Personal name Montgomery, Douglas C.,
Relator term author.
245 10 - TITLE STATEMENT
Title Introduction to statistical quality control /
Statement of responsibility, etc Douglas C. Montgomery, Arizona State University.
250 ## - EDITION STATEMENT
Edition statement Fifth edition.
264 #1 - PUBLICATION, DISTRIBUTION, ETC. (IMPRINT)
Place of publication, distribution, etc Hoboken, N.J. :
Name of publisher, distributor, etc John Wiley & Sons, Inc.,
Date of publication, distribution, etc [2005]
264 #4 - PUBLICATION, DISTRIBUTION, ETC. (IMPRINT)
Date of publication, distribution, etc c2005
300 ## - PHYSICAL DESCRIPTION
Extent xvi, 759 pages :
Other physical details illustrations ;
Dimensions 26 cm
336 ## - CONTENT TYPE
Source rdacontent
Content type term text
Content type code txt
337 ## - MEDIA TYPE
Source rdamedia
Media type term unmediated
Media type code n
338 ## - CARRIER TYPE
Source rdacarrier
Carrier type term volume
Carrier type code nc
500 ## - GENERAL NOTE
General note Includes appendices.
504 ## - BIBLIOGRAPHY, ETC. NOTE
Bibliography, etc Includes bibliographical references and index.
520 ## - SUMMARY, ETC.
Summary, etc This edition has a practical focus, with new coverage of statistical process control and application of control charts. The practical examples and problems have been revised to make use of packages such as Statgraphics.
650 #7 - SUBJECT ADDED ENTRY--TOPICAL TERM
Topical term or geographic name as entry element Quality control
General subdivision Statistical methods.
Source of heading or term BUEsh
650 #7 - SUBJECT ADDED ENTRY--TOPICAL TERM
Topical term or geographic name as entry element Process control
General subdivision Statistical methods.
Source of heading or term BUEsh
653 ## - INDEX TERM--UNCONTROLLED
Resource For college Generalities
Arrived date list March2020
655 ## - INDEX TERM--GENRE/FORM
Form subdivision Reading book
9 (RLIN) 34232
856 41 - ELECTRONIC LOCATION AND ACCESS
Materials specified Table of contents only
Uniform Resource Identifier <a href="http://www.loc.gov/catdir/toc/wiley051/2004556782.html">http://www.loc.gov/catdir/toc/wiley051/2004556782.html</a>
856 42 - ELECTRONIC LOCATION AND ACCESS
Materials specified Contributor biographical information
Uniform Resource Identifier <a href="http://www.loc.gov/catdir/enhancements/fy0621/2004556782-b.html">http://www.loc.gov/catdir/enhancements/fy0621/2004556782-b.html</a>
856 42 - ELECTRONIC LOCATION AND ACCESS
Materials specified Publisher description
Uniform Resource Identifier <a href="http://www.loc.gov/catdir/enhancements/fy0621/2004556782-d.html">http://www.loc.gov/catdir/enhancements/fy0621/2004556782-d.html</a>
906 ## - LOCAL DATA ELEMENT F, LDF (RLIN)
a 7
b cbc
c origcop
d 2
e ncip
f 20
g y-gencatlg
942 ## - ADDED ENTRY ELEMENTS (KOHA)
Source of classification or shelving scheme Dewey Decimal Classification
Koha item type Book - Borrowing
Holdings
Withdrawn status Lost status Source of classification or shelving scheme Damaged status Not for loan Collection code Home library Current library Shelving location Date acquired Source of acquisition Total Checkouts Full call number Barcode Date last seen Price effective from Koha item type
    Dewey Decimal Classification     Baccah Central Library Central Library First floor 07/03/2020 Purchase   658.562 MON 000048907 15/07/2025 07/03/2020 Book - Borrowing